Vista normal Vista MARC
  • Marquardt Elmhorst, Jeanne

Entrada Personal Name

Número de registros utilizados en: 1

001 - CONTROL NUMBER

  • control field: 37797

003 - CONTROL NUMBER IDENTIFIER

  • control field: OSt

005 - DATE AND TIME OF LATEST TRANSACTION

  • control field: 20170203101429.0

008 - FIXED-LENGTH DATA ELEMENTS

  • fixed length control field: 170203|| aca||aabn | a|a d

040 ## - CATALOGING SOURCE

  • Original cataloging agency: OSt
  • Transcribing agency: OSt

100 ## - HEADING--PERSONAL NAME

  • Personal name: Marquardt Elmhorst, Jeanne

670 ## - SOURCE DATA FOUND

  • Source citation: Work cat.: (OSt)5294: Adier, Ronald B. 37796, Comunicación organizacional: principios y prácticas para negocios y profesores